00767nam a22001817a 4500003000400000005001700004008004100021040001400062100005400076245014400130260001000274300003000284500010900314504002600423942001600449999001500465952010500480OSt20171010095440.0120608t xxu||||| |||| 00| 0 eng d aMMSUcULS aPura, Ma. Elaine U., Tabutol, Mariefel E. 910093 aComputerized collection transaction processing system for the Municipality of Batac, Ilocos NortecMa. Elaine E. Pura, Mariefel E. Tabutol  c2007  axiii, 92 leaves c28 cm.  aThesis (BS Computer Science) -- Mariano Marcos State University-College of Arts and Sciences, Batac City aBibliography: leaf 90 2ddccTHEDIS c9540d9540 00102lcc4070aREFbREFd2012-06-08l0p3334-Un r2017-10-10w2017-10-10yTHEDISzLibrary Use only